1950 International Airpost Exhibition : (Record no. 2120)

000 -LEADER
fixed length control field 00725nam a2200145 a 4500
008 - FIXED-LENGTH DATA ELEMENTS--GENERAL INFORMATION
fixed length control field 940722s1950 pauac 000 0 eng d
100 ## - MAIN ENTRY--AUTHOR'S NAME
Author's Name National Philatelic Museum
245 10 - TITLE STATEMENT
Title 1950 International Airpost Exhibition :
Remainder of title September 16th-October 11th 1950 at National Philatelic Museum under the auspices of American Air Mail Society and National Philatelic Museum in conjunction with 27th annual convention American Air Mail Society, September 22 thru 24, 1950.
260 ## - PUBLICATION, DISTRIBUTION, ETC. (IMPRINT)
Place of publication, distribution, etc. Philadelphia :
Name of publisher, distributor, etc. National Philatelic Museum,
Date of publication, distribution, etc. [1950]
490 0# - SERIES STATEMENT
Series statement National Philatelic Museum ;
Volume/sequential designation v. 2, no. 7
500 ## - GENERAL NOTE
General note Spine title: Airpost 1950 exhibition.
650 #0 - TOPICAL TERM (Tag)
Topical term or geographic name Air mail stamps
650 #0 - TOPICAL TERM (Tag)
Topical term or geographic name Postage stamps
Holdings
Withdrawn status Lost status Source of classification or shelving scheme Damaged status Koha normalized classification for sorting Not for loan Collection code Permanent Location Current Location Shelving location Date acquired Total Checkouts Full call number Barcode Date last seen Price effective from Koha item type
        P3200 A11 N27774     Northern Philatelic Library Northern Philatelic Library Bound Periodicals 11/19/2016   P3200 A11 N27774 1002460 11/19/2016 11/19/2016 Periodicals

Powered by Koha